00583nam a2200193Ia 4500008004100000020001800041082002100059100002300080245003800103250000600141260003900147300001700186500002400203650001400227700002200241942000700263952010200270999001700372230524s9999 xx 000 0 und d a9789384588960 a620.0042029bGUP aB.V.R Gupta942924 0aEngineering Drawing with Auto CAD a3 aNew DelhibI.K.Internationalc2016 a"XXII,403p;" aQuantity Number: 1 aMechanics aM.Raja Roy942925 cBK 00104070aTATCLbTATCLcGENd2023-05-24l0o620.00420285 GUPp54183r2023-05-24w2023-05-24yBK c57890d57890